=LDR 00000nam 2200000 4500 =001 INLIS000000000021208 =005 20130612120103 =008 ***********************************Ind** =035 ##$$0010-061300000021208 =041 ##$$a Ind =082 ##$$a 005.72 =090 ##$$a 005.72, Mal p =100 ##$$a Malvino, Albert Paul =245 ##$$a Prinsip-prinsip dan penerapan digital, Albert Paul Malvino =260 ##$$a 1981 $b Jakarta =300 ##$$a 475 hlm, 21 cm =650 ##$$a Komputer =850 ##$$a NBPNMAT